Five Biggest Landmasses of each Continent - Statistics

General Stats
  • This quiz has been taken 505 times
    495 since last reset
  • The average score is 16 of 35
Answer Stats
Continent Size (km2) Size (sq mi) Answer % Correct
Oceania 7,591,608 2,931,136 Australia
91%
Europe 10,180,000 3,930,000 Europe (Afro-Eurasia)
88%
Africa 29,370,907 11,340,171 Africa (Afro-Eurasia)
87%
North America 20,090,075 7,756,821 North America (America)
87%
Asia 44,579,000 17,212,000 Asia (Afro-Eurasia)
86%
South America 17,609,548 6,799,084 South America (America)
86%
Africa 587,041 226,658 Madagascar
81%
North America 2,130,800 822,700 Greenland
76%
Antarctica 12,272,800 4,738,600 Antarctica
71%
Europe 101,826 39,315 Iceland
70%
Europe 209,331 80,823 Great Britain
69%
Europe 84,421 32,595 Ireland
66%
Asia 785,753 303,381 New Guinea
65%
Oceania 785,753 303,381 New Guinea
65%
Oceania 111,583 43,082 North Island
65%
Oceania 145,836 56,308 South Island
65%
Asia 748,168 288,869 Borneo
63%
North America 507,451 195,928 Baffin Island
57%
Asia 225,800 87,200 Honshū
56%
Asia 443,065 171,068 Sumatra
55%
Oceania 65,022 25,105 Tasmania
47%
North America 196,236 75,767 Ellesmere Island
40%
North America 217,291 83,897 Victoria Island
37%
Africa 2,535 979 Réunion
18%
Africa 3,607 1,393 Socotra
12%
Europe 38,981 15,051 Spitsbergen
11%
Africa 2,034 785 Tenerife
10%
South America 40,100 15,500 Marajó
8%
Antarctica 49,070 18,950 Alexander Island
4%
South America 47,992 18,530 Isla Grande de Tierra del Fuego
3%
South America 8,478 3,273 Chiloé Island
2%
South America 20,000 7,398 Bananal
1%
Antarctica 43,873 16,939 Berkner Island
1%
Antarctica 8,500 3,300 Carney Island
1%
Antarctica 15,700 6,100 Thurston Island
1%
No matching quizzes found
Score Distribution
Percent of People with Each Score
Percentile by Number Answered
Your Score History
You have not taken this quiz since the last reset